Stres, osobnostné vlastnosti a copingové stratégie v pedagogickej praxi

Prevencia stresu súvisiaceho s prácou učiteľa. Identifikovanie nebezpečenstiev na pracovisku a eliminácie stresu v práci učiteľov a vzdelávacieho personálu. Zvýšenie povedomia o škodlivosti dlhodobého pôsobenia stresu na organizmus.

Salvato in:
Dettagli Bibliografici
Autore principale: Soroková, Tatiana
Natura: Capitolo di libro
Lingua:slovacco
Soggetti:
Tags: Aggiungi Tag
Nessun Tag, puoi essere il primo ad aggiungerne!!

MARC

LEADER 00000naa a2200000 4500
001 0194194
005 20231127103041.4
041 0 |a slo 
044 |a SK 
245 1 0 |a Stres, osobnostné vlastnosti a copingové stratégie v pedagogickej praxi  |c Tatiana Soroková 
520 |a Prevencia stresu súvisiaceho s prácou učiteľa. Identifikovanie nebezpečenstiev na pracovisku a eliminácie stresu v práci učiteľov a vzdelávacieho personálu. Zvýšenie povedomia o škodlivosti dlhodobého pôsobenia stresu na organizmus. 
610 2 0 |a náročnosť profesionálna 
610 2 0 |a učitelia 
610 2 0 |a stresy 
610 2 0 |a prejavy 
610 2 0 |a syndróm vyhorenia 
610 2 0 |a hygiena duševná 
610 2 0 |a readaptácia 
610 2 0 |a prevencia 
100 1 |a Soroková, Tatiana